Discursos pronunciados en la ceremonia de entrega de la medalla de oro de la arquitectura........ (Registro nro. 43928)
[ vista simple ]
| 000 -CABECERA | |
|---|---|
| campo de control de longitud fija | 00403nam a2200121 a 4500 |
| 001 - NÚMERO DE CONTROL | |
| campo de control | 000044439 |
| 005 - FECHA Y HORA DE LA ÚLTIMA TRANSACCIÓN | |
| campo de control | 20201002045356.0 |
| 008 - DATOS DE LONGITUD FIJA--INFORMACIÓN GENERAL | |
| campo de control de longitud fija | 140630s2002 000 spa d |
| 040 ## - FUENTE DE LA CATALOGACIÓN | |
| Centro catalogador/agencia de origen | DO-SdBNP |
| Lengua de catalogación | spa |
| Centro/agencia transcriptor | BNPHU |
| 245 #0 - MENCIÓN DE TÍTULO | |
| Título | Discursos pronunciados en la ceremonia de entrega de la medalla de oro de la arquitectura........ |
| 260 ## - PUBLICACIÓN, DISTRIBUCIÓN, ETC. | |
| Lugar de publicación, distribución, etc. | Madrid : |
| Nombre del editor, distribuidor, etc. | La Real Academia de BB.AA., |
| Fecha de publicación, distribución, etc. | 2002. |
| 300 ## - DESCRIPCIÓN FÍSICA | |
| Extensión | 70 p. ; |
| Dimensiones | 21 cm. |
| Estado de retiro | Estado de pérdida | Restricciones de uso | No para préstamo | Código de colección | Localización permanente | Ubicación/localización actual | Ubicación en estantería | Fecha de adquisición | Número de inventario | Total de préstamos | Signatura topográfica completa | Código de barras | Fecha visto por última vez | Precio válido a partir de | Tipo de ítem Koha |
|---|---|---|---|---|---|---|---|---|---|---|---|---|---|---|---|
| Excluido de préstamo | Monografías: Libros y Folletos | General | General | Depósito | 30.06.2014 | LF1 | 44439-10 | 25.06.2020 | 25.06.2020 | No se presta |
